Our lady of Alice Bhatti / (Record no. 66362)
[ view plain ]
| 000 -LEADER | |
|---|---|
| fixed length control field | 01460nam a22002657a 4500 |
| 005 - DATE AND TIME OF LATEST TRANSACTION | |
| control field | 20120509113858.0 |
| 010 ## - LCCN (DPL NO) | |
| LC control number | ENG-105229 B-489840-843 |
| 020 ## - INTERNATIONAL STANDARD BOOK NUMBER | |
| International Standard Book Number | 9788184001594 |
| Terms of availability | 499.00 |
| 035 ## - SYSTEM CONTROL NUMBER | |
| System control number | EN-88762 B-489840-843 |
| 037 ## - SOURCE OF ACQUISITION | |
| Source of stock number/acquisition | DBAD/PUB |
| 037 ## - SOURCE OF ACQUISITION | |
| Source of stock number/acquisition | K.K.Pub/Ven |
| 082 ## - DEWEY DECIMAL CLASSIFICATION NUMBER | |
| Classification number | N |
| 100 ## - MAIN ENTRY--PERSONAL NAME | |
| Personal name | Hanif, Mohammed |
| 245 ## - TITLE STATEMENT | |
| Title | Our lady of Alice Bhatti / |
| Statement of responsibility, etc | by Mohammed Hanif |
| 260 ## - PUBLICATION, DISTRIBUTION, ETC. (IMPRINT) | |
| Place of publication, distribution, etc | Noida |
| Name of publisher, distributor, etc | Random House Publishers |
| Date of publication, distribution, etc | 2011 |
| 270 ## - ADDRESS | |
| Address | Windsor IT Park, 7th Floor, Tower-B, A-1, Sector-125 |
| City | Noida |
| Postal code | 201301 |
| 300 ## - PHYSICAL DESCRIPTION | |
| Extent | 231p. |
| Dimensions | 23cm(Hb) |
| 942 ## - ADDED ENTRY ELEMENTS (KOHA) | |
| Source of classification or shelving scheme | Dewey Decimal Classification |
| Item type | English Books |
| Classification part | N |
| Call number suffix | HAN |
| Withdrawn status | Lost status | Not for loan | Collection code | Home library | Current library | Date acquired | Source of acquisition | Cost, normal purchase price | Full call number | Barcode | Copy number | Cost, replacement price | Koha item type |
|---|---|---|---|---|---|---|---|---|---|---|---|---|---|
| Fiction | Central Library | Central Library | 19/02/2013 | K.K.Pub/BL2760/24.12.2012/120/18.12.2012/08.01.2013 | 499.00 | N HAN | B-489840 | 1 | 499.00 | English Books | |||
| Not For Loan | Fiction | D.B.Act.Division | D.B.Act.Division | 09/05/2012 | DBAD/PUB | 499.00 | N HAN | EN-88762 | 1 | 499.00 | English Books | ||
| Fiction | Karol Bagh | Karol Bagh | 19/02/2013 | K.K.Pub/BL2760/24.12.2012/120/18.12.2012/08.01.2013 | 499.00 | N HAN | B-489843 | 1 | 499.00 | English Books | |||
| Fiction | Sarojini Nagar | Sarojini Nagar | 19/02/2013 | K.K.Pub/BL2760/24.12.2012/120/18.12.2012/08.01.2013 | 499.00 | N HAN | B-489841 | 1 | 499.00 | English Books | |||
| Fiction | Vinoba Puri | Vinoba Puri | 19/02/2013 | K.K.Pub/BL2760/24.12.2012/120/18.12.2012/08.01.2013 | 499.00 | N HAN | B-489842 | 1 | 499.00 | English Books |
